[Event "Barquisimeto Cup Lara op"]
[Site "Barquisimeto"]
[Date "2019.02.16"]
[Round "2.6"]
[White "Gil Oviedo, Luis Felipe"]
[Black "Hernandez Alvarez, Diego Antonio"]
[Result "0-1"]
[WhiteElo "1145"]
[BlackElo "1632"]
[PlyCount "120"]
[EventDate "2019.02.15"]
[EventType "swiss"]
[EventRounds "5"]
[EventCountry "VEN"]
[SourceTitle "EXT 2022"]
[Source "ChessBase"]
[SourceDate "2021.10.06"]
[SourceVersion "1"]
[SourceVersionDate "2021.10.06"]
[SourceQuality "1"]

1. e4 c5 2. Nf3 Nc6 3. d4 cxd4 4. Nxd4 g6 5. Nc3 Bg7 6. Be3 Nf6 7. Be2 0-0 8. 0-0 d5 9. exd5 Nxd5 10. Nxd5 Qxd5 11. c3 Nxd4 12. cxd4 Bf5 13. Rc1 Rfc8 14. b3 Rxc1 15. Qxc1 Rc8 16. Qd1 b5 17. Qa1 h5 18. Rc1 Rxc1+ 19. Qxc1 Bxd4 20. Bxd4 Qxd4 21. Bxb5 Kh7 22. h3 e5 23. Qf1 Qb2 24. Qe2 Qc1+ 25. Kh2 Qc7 26. Qc4 Qe7 27. f3 Kg7 28. b4 Be6 29. Qe2 Qd6 30. a3 f6 31. Qb2 e4+ 32. g3 e3 33. Qe2 Qd2 34. Kg2 h4 35. g4 Qd4 36. Kf1 Qf4 37. Qg2 Bd5 38. Be2 Qd4 39. Kg1 Qa1+ 40. Kh2 Qxa3 41. b5 Qd6+ 42. Kg1 Kf7 43. g5 fxg5 44. Qxg5 Qg3+ 45. Qxg3 hxg3 46. Kg2 Kf6 47. Kxg3 Ke5 48. Kg4 Be6+ 49. Kg5 Bxh3 50. Kxg6 Kf4 51. Kf6 Bg2 52. Ke6 Bxf3 53. Bc4 e2 54. Bxe2 Bxe2 55. Kd5 Bxb5 56. Kc5 a6 57. Kb4 Ke3 58. Ka3 Kd2 59. Kb2 Bd3 60. Kb3 Kc1 0-1